Geografia fizyczna Europy - Statystyki

Ogólne statystyki
  • Ten quiz został rozwiązany 454 razy
  • Średni wynik to 9 z 15
Statystyki odpowiedzi
Pytanie: Odpowiedź: % Poprawnych
Najdłuższa rzeka: Wołga
84%
Największa wyspa: Wielka Brytania
83%
Największy półwysep: Półwysep Iberyjski
78%
Największe morze : Morze Śródziemne
75%
Najdłuższe pasmo górskie Ural
75%
Najwyższy szczyt: Mont Blanc
69%
Pasmo górskie oddzielające Europe od Azji w okolicach Gruzji: Kaukaz
67%
Drugi największy półwysep: Półwysep Bałkański
65%
Trzeci największy półwysep: Półwysep Apeniński
62%
Cieśnina oddzielająca Europę od Afryki: Cieśnina Gibraltarska
57%
Cieśnina oddzielająca Europę od Azji: Cieśnina Dardanele/Cieśnina Bosfor
44%
Największe jezioro: Jezioro Ładoga
43%
Najwyższy szczyt owego pasma: Elbrus
41%
Największa nizina: Nizina Środkowoeuropejska
7%
Najniższy punkt : Wybrzeże Morza Kaspijskiego
2%
Nie znaleziono quizów pasujących do podanych kryteriów
Rozkład punktacji
Procent ludzi z każdym wynikiem
Percentyl według liczby udzielonych odpowiedzi
Twoja historia wyników
Nie rozwiązałeś tego quizu